|
|
|
|
| LEADER |
00000nam0a2200000 4500 |
| 001 |
21761 |
| 005 |
20231101205442.0 |
| 035 |
|
|
|a (RuTPU)RU\TPU\book\21970
|
| 035 |
|
|
|a BOOK00006663
|
| 090 |
|
|
|a 21761
|
| 100 |
|
|
|a 20011209d1985 km y0rusy50 ca
|
| 101 |
0 |
|
|a rus
|a eng
|
| 102 |
|
|
|a RU
|
| 105 |
|
|
|a y e 000zy
|
| 200 |
1 |
|
|a Англо-русский словарь по микроэлектронике
|e около 15 000 терминов
|f К. Я. Прохоров
|
| 210 |
|
|
|a Москва
|c Русский язык
|d 1985
|
| 215 |
|
|
|a 455 с.
|
| 606 |
|
|
|a Английский язык
|x Терминологические словари
|2 stltpush
|3 (RuTPU)RU\TPU\subj\29063
|9 52475
|
| 606 |
|
|
|a Микроэлектроника
|2 stltpush
|3 (RuTPU)RU\TPU\subj\43811
|9 63253
|
| 610 |
1 |
|
|a английский язык
|
| 610 |
1 |
|
|a словари
|
| 610 |
1 |
|
|a терминологические словари
|
| 675 |
|
|
|a 621.382.049.77(038)
|v 3
|
| 686 |
|
|
|a Ш143.21-43
|v LBC/SL-A
|2 rubbk
|
| 700 |
|
1 |
|a Прохоров
|b К. Я.
|g Константин Яковлевич
|
| 801 |
|
0 |
|a RU
|b 63413507
|c 20011209
|g PSBO
|
| 801 |
|
2 |
|a RU
|b 63413507
|c 20170929
|g PSBO
|
| 942 |
|
|
|c BK
|